World War II Quiz - Statistics

General Stats
  • This quiz has been taken 33 times
  • The average score is 50 of 100
Answer Stats
Question Answer % Correct
Who led Nazi Germany? Hitler
96%
In which year did WWII start? 1939
93%
In which year did WWII end? 1945
93%
Who was Britain’s wartime prime minister? Churchill
93%
Which city was hit by the first atomic bomb? Hiroshima
93%
Which country attacked Pearl Harbor? Japan
93%
Who led Fascist Italy? Mussolini
93%
Which city was hit by the second atomic bomb? Nagasaki
93%
Which ocean was Pearl Harbor in? Pacific
93%
The Holocaust camps were mainly in which country? | Which country was invaded by Germany and the USSR? Poland
93%
Which country dropped the atomic bombs? USA
93%
Who led the Soviet Union? Stalin
89%
The Allied landing in France was called? D-Day
85%
Which alliance opposed Germany and its allies? Allies
81%
Which alliance did it oppose? Axis
81%
The German invasion tactic was called? Blitzkrieg
81%
Which country switched sides in 1943? Italy
81%
Which battle stopped Germany in the USSR? Stalingrad
81%
Which country lost the most people? USSR
81%
Which camp symbolized the Holocaust? Auschwitz
78%
The Japanese suicide pilots were called? Kamikaze
78%
Germany’s air force was called? Luftwaffe
78%
Which Polish uprising was crushed in 1944? Warsaw
78%
Which Jewish girl wrote a diary? Anne Frank
74%
Who was Germany’s Minister of Propaganda? Goebbels
74%
Japan’s emperor during WWII? Hirohito
74%
Which country was annexed in the Anschluss? Austria
70%
Which ideology opposed fascism and capitalism? Communism
70%
Which French leader led Free France? De Gaulle
70%
Which country was occupied then liberated in 1944? France
70%
Germany’s secret police was called? Gestapo
70%
Which city symbolized Soviet resistance? Leningrad
70%
Which front opened with D-Day? Western
70%
Which conference planned postwar Europe? (Last one) Yalta
70%
Which operation launched in 1941 invaded the USSR? Barbarossa
67%
Which US general led in Europe? Eisenhower
67%
Which Nazi rank was Hitler’s title? Führer
67%
Which island battle was a turning point in the Pacific? Midway
67%
Which US president died right before the end of the war? Roosevelt
67%
Which river did Germany fail to cross at Stalingrad? Volga
67%
Which city was firebombed in 1945 killing 100,000? Dresden
63%
Which bomber dropped Little Boy? Enola Gay
63%
Who commanded the Afrika Korps? Rommel
63%
When did Japan surrender? (Month and Year) September 1945
63%
Which country was neutral but traded with both sides? Sweden
63%
Which physicist warned Roosevelt about the bomb? Einstein
59%
Which desert battle stopped Rommel? El Alamein
59%
Which cipher machine did Germany use? Enigma
59%
What’s the name of the second atomic bomb dropped on Japan? Fat Man
59%
Which leader abstained from participating in the war but was Hitler’s close ally? Franco
59%
The German parliament building burned in 1933 was? Reichstag
59%
In how many zones was Germany divided right after the war? Four
56%
When did the USSR annex the Baltics? 1940
52%
Which island battle involved Mount Suribachi? Iwo Jima
52%
Which French leader collaborated with Nazi Germany? Petain
52%
Which battle was the largest tank battle ever? Kursk
48%
Which German city hosted Nazi rallies? Nuremberg
48%
Which country was invaded by Italy in 1939? Albania
44%
Which city hosted the Wannsee Conference? Berlin
44%
Which country fought both sides? Finland
44%
Which country supplied oil to Germany early on? Romania
44%
The Nazi extermination plan was called? Final Solution
41%
Which Soviet general masterminded Stalingrad? Zhukov
41%
Which Nazi organized the deportation of Jews to extermination camps? Eichmann
37%
Which Nazi doctor experimented on twins? Mengele
37%
Which operation planned an invasion of Britain? Sealion
37%
The Nazi racial doctrine was called? Aryanism
33%
Nazi youth organization was called? Hitlerjugend
30%
Which ship sank last at Pearl Harbor? Arizona
26%
The German navy was called? Kriegsmarine
26%
Which pact split Eastern Europe in 1939? Molotov-Ribbentrop
26%
Which conference created the UN? San Francisco
26%
Which river marked Germany’s final defense? Oder
22%
Hitler’s 1923 failed coup was called? Putsch
22%
Which battle ended the Africa campaign? Tunis
22%
Which island was key to Operation Downfall plans? Okinawa
19%
What was the name of the gas used in Nazi extermination camps? Zyklon-B
19%
Which radio broadcast the coded resistance message? BBC
15%
Which bunker did Hitler die in? Führerbunker
15%
Who was the Prime Minister of France’s Vichy Regime? Pierre Laval
15%
Who led Italy when Benito Mussolini fell? Badoglio
11%
For how many days was Leningrad besieged? 872
7%
Which battle destroyed Army Group Center? Bagration
7%
Which French Resistance leader was tortured by the Nazi Gestapo in 1943? Jean Moulin
7%
Which plan aimed to deindustrialize Germany? Morgenthau
7%
Which German state absorbed Austria? Prussia
7%
Which Germany army was encircled and destroyed in Stalingrad in 1942? Sixth Army
7%
Which resistance group assassinated Heydrich? Anthropoid
4%
Which codebreaking center cracked Enigma? Bletchely
4%
Which Nazi ideology fused race and land? BlutundBoden
4%
Which German operation targeted Kursk? Citadel
4%
Which Allied deception plan hid D-Day? Fortitude
4%
Which camp was liberated first by Allies? Majdanek
4%
Which Soviet unit committed the Katyn massacre? NKVD
4%
Which Japanese code was broken by the US? Purple
4%
Which SS unit ran the camps? Totenkopf
4%
Hitler’s main headquarters was called? Wolfsschanze
4%
What radar system helped Britain win the Battle of Britain? Chain Home
0%
Which bombing raid targeted German dams? Chastise
0%
No matching quizzes found
Score Distribution
Percent of People with Each Score
Percentile by Number Answered
Your Score History
You have not taken this quiz